000 00442nam a2200169 a 4500
005 20140310183507.0
008 100918s19uu xx 00 eng d
020 _a0451408896
050 _aPZ 7
_b.B571 1999
100 _aBeverley, Jo.
245 _aSecrets of the night /
_cJo Beverley.
260 _aNew York :
_bNew American Library,
_c1999.
300 _a338 p. :
_c19 cm.
650 _aFiction
942 _cBK
_2lcc
999 _c24080
_d24080